000 00361nab a22001097u 4500
008 130520b1982 xxu||||| |||| 00| 0 spa d
041 _aspa
100 1 _aWeiderkehr, D.
_967233
245 0 0 _aEl "Hijo" y los hijos. Implicaciones sociales de un título cristológico
_cD. Weiderkehr
773 0 _tConcilium
_gV.1,1982,págs.320-330
_x0210-1041
_wRev134
942 _cAR
999 _c354839
_d354839